000 00960cam a2200217 4500
001 WB3736-11
008 010926n2001 000 0 eng u
035 _a(Sirsi) u114842
245 _aNew York deals rush
260 _c2001
490 _aProperty Week
_v66(38) 21 September 2001, 128(2)
520 _aWith the destruction of 15m sq ft of offices, the New York real estate market has experienced a rush as displaced occupiers seek emergency accommodation. New York brokers have confirmed that London is being considered as an option. There is also speculation that corporate occupiers will no longer concentrate all their staff in one building.
590 _aWB
650 _aPROPERTY-COMMERCIAL PROPERTY-OFFICE PROPERTY-OFFICE PROPERTY MARKET
650 _aNEW YORK
650 _aREAL ESTATE MARKET
650 _aTERRORIST ATTACKS
650 _aUNITED STATES
690 _aPROPERTY-COMMERCIAL PROPERTY-COMMERCIAL PROPERTY MARKET
942 _n0
999 _c68373
_d68373